000 01097cam a22003135a 4500
001 14898964
003 EG-ScBUE
005 20220515121502.0
008 070621t2008 nyu f b 001 0 eng d
020 _a9780415872904
040 _aDLC
_beng
_erda
_cDLC
_dBAKER
_dYDXCP
_dC#P
_dYUS
_dDLC
_dEG-ScBUE
043 _acl-----
082 0 4 _a428.0261
_222
_bMUN
100 1 _aMunday, Jeremy,
_eauthor.
_938934
245 1 0 _aStyle and ideology in translation :
_bLatin American writing in English /
_cJeremy Munday.
264 1 _aNew York ;
_aLondon :
_bRoutledge,
_c[2008]
264 4 _cc2008
300 _axvii, 261 pages ;
_c24 cm
336 _2rdacontent
_atext
_btxt
337 _2rdamedia
_aunmediated
_bn
338 _2rdacarrier
_avolume
_bnc
504 _aIncludes bibliographical references and index.
650 7 _aSpanish language
_xTranslating into English.
_2BUEsh
650 7 _aSpanish American literature
_xTranslations into English
_xHistory and criticism.
_2BUEsh
651 _2BUEsh
653 _cJuly2015
_cDecember2015
_bHHUUEENN
655 _vReading book
_934232
942 _2ddc
_cBB
999 _c20297
_d20269